000 00305nam a2200121Ia 4500
008 220204s9999 xx 000 0 und d
082 _a065
_bHAM
100 _aHampton, David R
245 0 _aModern management: Ideas and issues
250 _aEd.2
260 _aNew Delhi
_bPrentice Hall
_c1976
942 _cBK
999 _c25530
_d25530